Normal view MARC view
  • Khatri, Awais

Entry Personal Name

Number of records used in: 2

001 - CONTROL NUMBER

  • control field: 6647

003 - CONTROL NUMBER IDENTIFIER

  • control field: NUST

005 - DATE AND TIME OF LATEST TRANSACTION

  • control field: 20171122113646.0

008 - FIXED-LENGTH DATA ELEMENTS

  • fixed length control field: 171122|| aca||aabn | a|a d

040 ## - CATALOGING SOURCE

  • Original cataloging agency: NUST
  • Transcribing agency: NUST

100 ## - HEADING--PERSONAL NAME

  • Personal name: Khatri, Awais

670 ## - SOURCE DATA FOUND

  • Source citation: Work cat.: (NUST): Khatri, Awais, Textbook of advances in reactive dyeing of cellulose textiles, 2015
© 2023 Central Library, National University of Sciences and Technology. All Rights Reserved.